Four Letter Geography - Hero Mode - Statistics

General Stats
  • This quiz has been taken 14,968 times
  • The average score is 8 of 20
Answer Stats
Hint Answer % Correct
The only landlocked country in Indochina Laos
96%
Bird which appears on the coat of arms of Mauritius Dodo
65%
Name of a neighborhood in both London or Manhattan Soho
61%
Second largest of the Hawaiian islands, named after a demigod Maui
60%
City on the southern tip of Baja California : ____ San Lucas Cabo
56%
Lake on which the city of Bellagio can be found Como
56%
City in Ukraine with two V's in its name Lviv
55%
Gulf separating Somalia and Yemen Aden
50%
Second largest city in the Czech Republic Brno
47%
Second largest city in Nigeria Kano
41%
South Korea's largest island Jeju
37%
City where Beethoven was born Bonn
34%
City of 7 million people located just 120 km from Mumbai Pune
32%
Lake created by the Hoover Dam Mead
26%
City founded by the Greeks around 350 BC and named after the goddess of victory Nice
22%
City on Lake Michigan founded by U.S. Steel in 1906 Gary
21%
Tunisia's second largest city Sfax
21%
Indigenous group of Hokkaido and the Russian Far East Ainu
19%
In Belgrade, the Danube joins with this river, its longest tributary Sava
14%
Supervolcano in Indonesia which erupted 74,000 years ago Toba
10%
No matching quizzes found
Score Distribution
Percent of People with Each Score
Percentile by Number Answered
Your Score History
You have not taken this quiz